| 000 | 01136nam a22003257a 4500 | ||
|---|---|---|---|
| 003 | DO-SdBNP | ||
| 005 | 20211112114853.0 | ||
| 007 | ta | ||
| 008 | 211110b2013 a|||e |||| 001 0 spa d | ||
| 040 |
_aDO-SdBNP _bspa _cBNPHU |
||
| 082 | 4 |
_222 _bS162s _a306.7 |
|
| 100 | 1 | 0 |
_aZaldívar, Dionisio _980574 |
| 245 | 1 | 0 |
_aSexualidad humana / _cDionicio Zaldívar |
| 260 |
_aSantiago de los Caballeros, Rep. Dom. : _bUAPA, _c2013. |
||
| 300 |
_a232 p. : _bil.; _c27 cm |
||
| 490 |
_aAutoaprendizaje ; _vv.4 |
||
| 504 | _aBibliografía : p. 224 - 231. | ||
| 505 | _aUnidad I. Introducción a la sexualidad | ||
| 505 | _aUnidad II. Desarrollo de la sexualidad humana. | ||
| 505 | _aUnidad III. Concepto y funciones de la sexualidad. | ||
| 505 | _aUnidad IV. Enfermedades de transmisión sexual. . | ||
| 505 | _aUnidad V. Obtáculos en la vida sexual. | ||
| 505 | _aUnidad VI. Aspectos especiales en la sexualidad.. | ||
| 590 | _aInventariado, 2021 / SA | ||
| 650 | 4 | 0 |
_91690 _aSexo |
| 650 | 4 | 0 |
_9804 _aSexo en el matrimonio |
| 700 | 1 |
_aHernández, Luisa _eCorrección y estilo _966105 |
|
| 910 | _aSaquino | ||
| 942 |
_2ddc _cLBS1 |
||
| 999 |
_c50924 _d50924 |
||